000 00691nam a2200253Ia 4500
003 OSt
005 20220912145517.0
006 a|||||r|||| 00| 0
007 ta
008 220909b |||||||| |||| 00| 0 eng d
024 _a69107
037 _b11314, 06/09/2006, Govinda Book House
037 _cTextual
040 _aCSL
_beng
_cCSL
041 _aeng
082 _aK871:6a, J2.2
100 _aHerskowitz Irwin H
245 0 _aBibliography on the genetics of drosophila
260 _c1952
300 _ap.
_ccm.
650 _aDiptera
942 _hK871:6a, J2.2
_cTEXL
_2CC
999 _c33384
_d33384